| 000 | 00352nam a22001337a 4500 | ||
|---|---|---|---|
| 020 | _a9780534952853 | ||
| 040 | _cNust | ||
| 082 |
_a621-MEC _bSHE |
||
| 100 |
_aDevdas Shetty _9123996 |
||
| 245 | _aMechatronics system design | ||
| 260 |
_aBoston: _bPWS Publishing company, _c1997. |
||
| 650 |
_aMechatronics system design _958101 |
||
| 942 |
_2ddc _cBK |
||
| 999 |
_c612164 _d612164 |
||